000 00449nam a22001697a 4500
003 SGT
020 _a9781266098796
082 _a616.01
_bL24H
100 _aHONG, PETER CHIN
245 _aLEVINSON'S REVIEW OF MEDICAL MICROBIOLOGY & IMMUNOLOGY
250 _a18TH
260 _aNEW YORK
_bMC GROW HILL PUB
_c2024
300 _a843
650 _aMICROBILOGY
653 _aLEVINSON'S REVIEW OF MEDICAL MICROBIOLOGY & IMMUNOLOGY
942 _2ddc
_cBK
999 _c30665
_d30665